000
00258nam a22001217a 4500
041
_a
ENG
100
_a
Savadi.A.B
245
_a
Bhugole
260
_a
Pune
_b
Pragati Book
_c
2000
300
_a
270
650
_a
Competitive Exam
856
_u
Competitive Exam ( 35 )
999
_c
970
_d
970